Taylor Swift - Devine la chanson sans indices #76 - Statistiques

Statistiques générales
  • Ce quiz a été pris 220 fois
  • Le résultat moyen est 297 sur 418
Statistiques - réponses
Réponse % Correct
a
99%
I
99%
(I
99%
You
99%
you
99%
you)
99%
the
95%
oh
94%
me
92%
your
91%
and
86%
And
86%
it
86%
to
85%
(to
85%
in
83%
are
82%
my
82%
on
82%
That
81%
You're
81%
you're
81%
don't
80%
so
80%
But
79%
but
79%
(but
79%
can
79%
what
79%
of
78%
Of
78%
this
77%
I'm
76%
(I'm
76%
know
75%
like
75%
can't
74%
have
74%
say
74%
say?
74%
say)
74%
for
73%
her
72%
not
72%
should
72%
'Cause
71%
at
70%
At
70%
make
70%
too
70%
as
69%
mine
68%
yeah
68%
by
66%
Gorgeous
66%
gorgeous
66%
If
66%
if
66%
mad
66%
way
66%
way)
66%
got
65%
us
65%
face
63%
face)
63%
he's
63%
He's
63%
look
63%
(look
63%
think
63%
feel
62%
(feel
62%
about
61%
hate
61%
than
61%
You've
59%
you've
59%
makes
58%
talk
58%
anything
57%
much
57%
much)
57%
take
57%
compliment
56%
eyes
55%
I'll
55%
life
55%
made
55%
boyfriend
54%
making
54%
back
53%
that's
53%
being
52%
blue
52%
doing
52%
furious
52%
furious)
52%
might
52%
older
52%
girlfriend
51%
here
51%
jealous
51%
sad
51%
more
50%
consequence
49%
die
49%
hurts
49%
hurts)
49%
just
49%
little
49%
club
48%
come
48%
drunk
48%
fun
48%
nothing
48%
single
48%
(dark
47%
dark
47%
actually
46%
everyone
46%
honestly
46%
room
46%
room)
46%
strong
46%
There's
46%
Whisky
46%
ice
45%
Ocean
45%
ruined
45%
worse
45%
Alone
44%
cool
44%
hand
44%
looking
44%
magnetic
44%
Sunset
43%
talking
43%
wanna
43%
happy
42%
turns
41%
Vine
41%
drown
40%
(Honey
39%
sink
39%
along
38%
home
37%
field
36%
touching
36%
cats
34%
unless
34%
Guess
30%
stumble
25%
darkened
21%
Aucun quiz correspondant
Distribution des résultats
% des personnes avec chaque résultat
Percentile par nombre de réponses
Votre historique - résultats
Vous n’avez pas pris ce quiz